Egy piac müködésének eltérö értelmezései.

Konflikty medzi vlastníkmi a vedením podniku pri odkúpení podniku. Vlastníci a manažéri, rozdielnosť ich záujmov a pohľadov na prosperitu podniku. Skúsenosti zo západnej Európy a USA. Rozdielnosť prístupu vlastníka a manažérov, resp. akciovej spoločnosti vedie k reštrikcií výroby a tak aj trhu. Mode...

ver descrição completa

Na minha lista:
Detalhes bibliográficos
Autor principal: Vince, P.
Formato: Capítulo de Livro
Idioma:húngaro
Assuntos:
Tags: Adicionar Tag
Sem tags, seja o primeiro a adicionar uma tag!

MARC

LEADER 00000naa a2200000 4500
001 r011049
005 20221125113630.1
041 0 |a hun 
044 |a HU 
245 1 0 |a Egy piac müködésének eltérö értelmezései.  |c P. Vince 
520 |a Konflikty medzi vlastníkmi a vedením podniku pri odkúpení podniku. Vlastníci a manažéri, rozdielnosť ich záujmov a pohľadov na prosperitu podniku. Skúsenosti zo západnej Európy a USA. Rozdielnosť prístupu vlastníka a manažérov, resp. akciovej spoločnosti vedie k reštrikcií výroby a tak aj trhu. Modely optimálneho riadenia podniku a jeho prosperity. 
610 2 0 |a trh 
610 2 0 |a konflikty 
610 2 0 |a vedenie 
610 2 0 |a riadenie podnikové 
610 2 0 |a modely podniku 
610 2 0 |a manažéri 
610 2 0 |a vlastníctvo 
610 2 0 |a spoločnosti akciové 
610 2 0 |a porovnanie medzipodnikové 
610 2 0 |a západná Európa 
610 2 0 |a USA 
100 1 |a Vince, P.